Tvorba Národnej siete rozvoja vidieka ako jedného z nástrojov pre rozvoj regiónov diplomová práca

Saved in:
Bibliographic Details
Main Author: Bališová, Veronika
Corporate Author: Národohospodárska fakulta EU. Katedra verejnej správy a regionálneho rozvoja
Other Authors: Ivaničková, Alžbeta
Format: Book
Language:Slovak
Published: Bratislava 2013
Tags: Add Tag
No Tags, Be the first to tag this record!

MARC

LEADER 00000nbm a2200000 4500
001 0169168
005 20161109102244.2
041 0 |a slo 
044 |a SK 
245 1 0 |a Tvorba Národnej siete rozvoja vidieka ako jedného z nástrojov pre rozvoj regiónov  |b diplomová práca  |c Veronika Bališová ; školiteľ: Alžbeta Ivaničková 
264 1 |a Bratislava  |c 2013 
300 |a 73 s. 
100 1 |a Bališová, Veronika 
700 1 |a Ivaničková, Alžbeta 
710 2 |a Národohospodárska fakulta EU. Katedra verejnej správy a regionálneho rozvoja